Doom's Survivor Tribes - Statistics

General Stats
  • This quiz has been taken 4 times
  • The average score is 20 of 37
Answer Stats
Season Answer % Correct
S7 - Battle of the Pacific Aina
75%
S1 - Green vs. Gold Aurum
75%
S3 - Beyond the Globe Eclipse
75%
S3 - Beyond the Globe Lunar
75%
S3 - Beyond the Globe Solar
75%
S1 - Green vs. Gold Viridi
75%
S7 - Battle of the Pacific Wai
75%
S9 - The Outsiders Advena
50%
S12 - 'Tis the Season Aestas
50%
S2 - Gustum Amai
50%
S10 - Vintage Voyage Antiquus
50%
S14 - Sino-Japanese War Azuma
50%
S9 - The Outsiders Bothynus
50%
S14 - Sino-Japanese War Chugoku
50%
S4 - Out Back Djiru
50%
S5 - All-Stars Flavo
50%
S12 - 'Tis the Season Framtida
50%
S9 - The Outsiders Futurist
50%
S2 - Gustum Gappei
50%
S6 - Underworld Ignis
50%
S5 - All-Stars Indicus
50%
S4 - Out Back Kata Tjuta
50%
S6 - Underworld Medii
50%
S12 - 'Tis the Season Mimo
50%
S7 - Battle of the Pacific Nahele
50%
S10 - Vintage Voyage Navis
50%
S14 - Sino-Japanese War Riben
50%
S11 - Keep the Tempo Rychlost
50%
S5 - All-Stars Sanguis
50%
S2 - Gustum Sawa
50%
S6 - Underworld Sulphur
50%
S5 - All-Stars Tormentum
50%
S6 - Underworld Underworld
50%
S12 - 'Tis the Season Viridi-Aurum
50%
S4 - Out Back Yidinji
50%
S10 - Vintage Voyage Altum
25%
S10 - Vintage Voyage Litore
25%
No matching quizzes found
Score Distribution
Percent of People with Each Score
Percentile by Number Answered
Your Score History
You have not taken this quiz